| 000 | 00704nam a2200265 i 4500 | ||
|---|---|---|---|
| 001 | 97754 | ||
| 003 | ES-MaACL | ||
| 005 | 20250803121220.0 | ||
| 007 | t| | ||
| 008 | 050718s1952 ag ||||1| spa d | ||
| 080 | _a1 Lao-tse | ||
| 080 | _a299.513 | ||
| 100 | 1 |
_aMarín, Juan. _976744 |
|
| 245 | 1 | 0 |
_aLao-Tszé o El Universismo mágico / _cJuan Marín. |
| 250 | _a1ª ed. | ||
| 260 |
_aBuenos Aires : _bEspasa-Calpe, _c1952. |
||
| 300 |
_a166 p. ; _c18 cm. |
||
| 490 | 1 | _aColección austral | |
| 600 | 0 | 4 |
_aLaozi _9241542 |
| 650 | 0 | 4 |
_aTaoísmo. _917283 |
| 740 | 3 | _aEl Universismo mágico. | |
| 830 | 0 |
_aColección austral _9177655 |
|
| 852 |
_aES-MaACL _jC-9340 |
||
| 999 |
_c97754 _d97754 |
||